Normal view
MARC view
- College teachers
Entry Topical Term
001 - CONTROL NUMBER
- control field: 153675
003 - CONTROL NUMBER IDENTIFIER
- control field: TR-AnTOB
005 - DATE AND TIME OF LATEST TRANSACTION
- control field: 20260415142140.0
008 - FIXED-LENGTH DATA ELEMENTS
- fixed length control field: 260415n|eazannbab| |n aaa d
035 ## - SYSTEM CONTROL NUMBER
- System control number: (TR-AnTOB)153675
040 ## - CATALOGING SOURCE
- Original cataloging agency: SULEY
- Transcribing agency: SULEY
- Modifying agency: TR-AnTOB
150 ## - HEADING--TOPICAL TERM
- Topical term or geographic name entry element: College teachers
- Form subdivision: Drama
450 ## - SEE FROM TRACING--TOPICAL TERM
- Topical term or geographic name entry element: Yüksekokul öğretmenleri
- Form subdivision: Drama
670 ## - SOURCE DATA FOUND
- Source citation: Work cat.: (SULEY)55674: The Oxford murders, 2009.
688 ## - APPLICATION HISTORY NOTE
- Institution to which field applies: TR-AnTOB
- Application history note: Op 15.04.2026



